Los hijos del vidriero

Salvato in:
Dettagli Bibliografici
Autore principale: Gripe, María (Autore)
Natura: Libro
Lingua:spagnolo
Pubblicazione: Madrid Ediciones SM 1999
Edizione:29a. ed
Serie:Colección el Barco de Vapor. Serie Naranja, 4
Soggetti:
Tags: Aggiungi Tag
Nessun Tag, puoi essere il primo ad aggiungerne!!

MARC

LEADER 00000nam a2200000 a 4500
001 UCH8445
003 CL-VaPUC
008 091127e19990000SP |||||||||||||||||spa|d
020 |a 8434808595 
082 0 4 |a 833  |b GRI  |2 21 
100 |a Gripe, María  |e author  |9 581443 
245 1 4 |a Los hijos del vidriero 
250 |a 29a. ed 
300 |a 191 p 
942 |c BK 
945 |d 20091127 00:00:00 
260 |a Madrid  |b Ediciones SM  |c 1999 
500 |a Premio Andersen 1974 
650 7 |a LITERATURA SUECA  |2 CL-VaPUC  |9 545026 
650 0 |a Escritores  |9 313723 
650 7 |a NOVELAS SUECAS  |2 CL-VaPUC  |9 345411 
650 0 |a Ficción   |9 376687 
650 0 |a Jóvenes  |9 326981 
650 0 |a Lectura  |9 307634 
650 0 |a Literatura  |9 259151 
651 0 |a Suecia   |9 268974 
583 |a last modification  |c 20091127 00:00:00  |k Rodrigo Vera 
490 0 |a Colección el Barco de Vapor. Serie Naranja, 4 
999 |c 338657  |d 338655